• 首页
  • 本馆介绍
  • 公告通知
  • 最新文献
  • 馆藏检索
  • 电子资源
  • 读者导购
  • 参考咨询
  • 我的图书馆
  • 登录
  • 详细信息显示
  • 放入我的书架
  • 预约/预借图书
  • 作者相关作品
  • 分类相关作品
  • 丛书相关作品
  • 出版社相关作品

书目信息

  • 表格格式
  • 工作单格式
  • 卡片格式
题名:
殖民者的世界模式
    
 
作者: 布劳特 , Blaut 著 ;谭荣根 译
分册:  
出版信息: 北京   社会科学文献出版社  2002
页数: 318页
开本: 21cm
丛书名: 社会理论译丛
单 册:
中图分类: D066 , D066
科图分类:
主题词: 殖民主义 , 殖民主义--研究 , 民族殖民地问题--理论
电子资源:
ISBN: 7-80149-748-1
000 01524oam2 2200361 450
001 1240065483
005 20121004111115.73
010    @a7-80149-748-1@dCNY19.00
100    @a20020807d2002 kemy0chiy0110 ea
101 1  @achi@ceng
102    @aCN@b110000
105    @ay z 000yy
106    @ar
200 1  @a殖民者的世界模式@Azhi min zhe de shi jie mo shi@e地理传播主义和欧洲中心主义史观@f(美)J.M.布劳特(J.M.Blaut)著@g谭荣根译
210    @a北京@c社会科学文献出版社@d2002
215    @a318页@d21cm
225 2  @a社会理论译丛
305    @a据Guilford Press1993年版本译出
314    @aJ.M.布劳特(J.M.Blaut),芝加哥伊利诺伊大学的地理学教授。著有《殖民者的世界模式——地理传播主义和欧洲中心主义史观》。
314    @a谭荣根(1936~),原籍山东省,中国国际交流协会理事。译有《殖民者的世界模式——地理传播主义和欧洲中心主义史观》。
330    @a本书对许多试图建立一种长期的独特欧洲优越论的学术理论进行了深刻的批判,为美洲的被征服和被剥削对1492年之后现代欧洲国家和文化兴起的重要意义作了无可辩驳的阐述。
461  0 @12001 @a社会理论译丛@1210 @a北京@c社会科学文献出版社
510 1  @aThe Colonizer's Model of the World@eGeographical Diffusionism and Eurocentric History@zeng
606 0  @a殖民主义
606 0  @a殖民主义@x研究
606 0  @a民族殖民地问题@x理论
690    @aD066@v4
690    @aD066@v4
701  1 @a布劳特@Abu lao te@bJ.M.@4著
701  1 @aBlaut@bJ.M.@4著
702  0 @a谭荣根@f(1936~)@Atan rong gen@4译
801  0 @aCN@bNLC@c20020815
905    @a10447@dD066@eJY52
    
    殖民者的世界模式:地理传播主义和欧洲中心主义史观/(美)J.M.布劳特(J.M.Blaut)著/谭荣根译 .-北京:社会科学文献出版社,2002
    318页;21cm .-(社会理论译丛 )
    
    
    ISBN 7-80149-748-1:CNY19.00
    本书对许多试图建立一种长期的独特欧洲优越论的学术理论进行了深刻的批判,为美洲的被征服和被剥削对1492年之后现代欧洲国家和文化兴起的重要意义作了无可辩驳的阐述。
●
相关链接 在E读中查询图书 在五车中查询图书 在当当中查询图书 在豆瓣中查询图书


正题名:殖民者的世界模式     索取号:D066/JY52         预约/预借

序号 登录号 条形码 馆藏地/架位号 状态 备注
1 7811320   278113202   学院路分馆/ [索取号:D066/JY52] 在馆    
2 7811321   278113211   学院路分馆/ [索取号:D066/JY52] 在馆    
唐山师范学院图书馆 欢迎您!
大连网信软件有限公司© 版权所有